[Event "Lichtenrader Herbst 2011"]
[Site "Berlin"]
[Date "2011.10.09"]
[Round "2.20"]
[White "Gaerths, Ronny"]
[Black "Feikes, Joerg"]
[Result "1/2-1/2"]
[WhiteElo "2219"]
[BlackElo "1991"]
[PlyCount "41"]
[EventDate "2011.??.??"]
[WhiteTeam "SC Kreuzberg e.V."]
[BlackTeam "vereinlos"]

1. d4 d5 2. Bf4 c5 3. e3 Nc6 4. c3 Qb6 5. Qb3 c4 6. Qc2 Bf5 7. Qc1 Rc8 8. Nd2
e6 9. Ngf3 Be7 10. Be2 h6 11. e4 Bh7 12. Ne5 Nf6 13. exd5 exd5 14. O-O O-O 15.
Re1 Ne4 16. Bg4 f5 17. Nxe4 fxg4 18. Nd2 Bf5 19. b3 cxb3 20. axb3 Rf7 21. Qd1
1/2-1/2

[Event "Lichtenrader Herbst 2011"]
[Site "Berlin"]
[Date "2011.10.10"]
[Round "3.1"]
[White "Graf, Alexander"]
[Black "Niehaus, Frank"]
[Result "1-0"]
[WhiteElo "2628"]
[BlackElo "2182"]
[PlyCount "57"]
[EventDate "2011.??.??"]
[WhiteTeam "Schachklub König Plauen"]
[BlackTeam "SK König Tegel 1949 e.V."]

1. d4 Nf6 2. c4 g6 3. Nc3 Bg7 4. e4 d6 5. f3 O-O 6. Be3 c5 7. d5 e6 8. dxe6
Bxe6 9. Bd3 Nc6 10. Nge2 Ne5 11. b3 Nh5 12. O-O f5 13. exf5 gxf5 14. f4 Ng4 15.
Bd2 Bd7 16. h3 Ngf6 17. Qc2 Ne8 18. Rae1 Nc7 19. Nd1 Qh4 20. Ne3 Rae8 21. Bxf5
Bc6 22. Bxh7+ Kh8 23. Nf5 Rxf5 24. Bxf5 Ne6 25. Bc3 Nd4 26. Nxd4 Rxe1 27. Bxe1
Bxd4+ 28. Kh2 Qf6 29. Be4 1-0

[Event "Lichtenrader Herbst 2011"]
[Site "Berlin"]
[Date "2011.10.10"]
[Round "3.2"]
[White "Dimitrijeski, Kristian"]
[Black "Teske, Henrik"]
[Result "1/2-1/2"]
[WhiteElo "2188"]
[BlackElo "2547"]
[PlyCount "44"]
[EventDate "2011.??.??"]
[WhiteTeam "SK König Tegel 1949 e.V."]
[BlackTeam "SC 1950 Remagen"]

1. d4 e6 2. c4 b6 3. Nf3 Bb7 4. g3 Bb4+ 5. Bd2 Bxf3 6. exf3 a5 7. Nc3 Nf6 8. a3
Bxc3 9. bxc3 O-O 10. Bg2 d5 11. cxd5 exd5 12. O-O a4 13. Bg5 b5 14. Re1 c6 15.
Qe2 Nbd7 16. Qe7 Qxe7 17. Rxe7 h6 18. Bxf6 Nxf6 19. Rae1 Rfe8 20. Kf1 Kf8 21.
Rc7 Ra6 22. Bh3 Rxe1+ 1/2-1/2

[Event "Lichtenrader Herbst 2011"]
[Site "Berlin"]
[Date "2011.10.10"]
[Round "3.3"]
[White "Feuerstack, Aljoscha"]
[Black "Gebigke, Martin"]
[Result "1-0"]
[WhiteElo "2424"]
[BlackElo "2191"]
[PlyCount "161"]
[EventDate "2011.??.??"]
[WhiteTeam "SK Norderstedt von 1975"]
[BlackTeam "SV Berolina Mitte e.V."]

1. e4 c5 2. c3 d5 3. exd5 Qxd5 4. d4 Nf6 5. Nf3 Nc6 6. Na3 Bf5 7. Bc4 Qe4+ 8.
Kf1 e6 9. Ng5 Qh4 10. g3 Qh5 11. Qxh5 Nxh5 12. d5 exd5 13. Bxd5 Nd8 14. Kg2 Be7
15. Re1 Nf6 16. Bb3 h6 17. Nc4 Kf8 18. Ne3 Bd7 19. Nf3 Nc6 20. Nd5 Nxd5 21.
Bxd5 Rd8 22. Bf4 Bh3+ 23. Kxh3 Rxd5 24. Rad1 Rxd1 25. Rxd1 g5 26. Be3 f5 27.
Kg2 Kf7 28. Rd7 Rb8 29. h4 Ke6 30. Rd1 Rg8 31. Rh1 f4 32. Bc1 g4 33. Ne1 f3+
34. Kh2 h5 35. Nd3 Bd6 36. Bf4 c4 37. Re1+ Kd5 38. Rd1 cxd3 39. Rxd3+ Kc4 40.
Rxd6 Re8 41. Be3 Re5 42. Kg1 a5 43. Kf1 a4 44. Ke1 a3 45. bxa3 Kxc3 46. Kd1 Re4
47. Rd7 Re7 48. Rd5 Rh7 49. Kc1 Kc4 50. Rd6 Re7 51. Kc2 Re5 52. Rd7 Re7 53. Rd3
Re5 54. Rc3+ Kb5 55. Rb3+ Ka6 56. Rb6+ Ka7 57. Rb5+ Ka6 58. Rb6+ Ka7 59. Rb5+
Ka6 60. Rxe5 Nxe5 61. Kc3 Kb5 62. Kd4 Ng6 63. Bg5 Kc6 64. Ke4 Kd6 65. Kf5 Nf8
66. Be3 b5 67. Kg5 Ke5 68. Kxh5 Kf5 69. Kh6 Ne6 70. Bb6 Kf6 71. Be3 Kf5 72. Kh7
Kf6 73. h5 Kf7 74. Bd2 Nd4 75. Kh6 Nf5+ 76. Kg5 Nxg3 77. Kxg4 Ne4 78. Be3 Nf6+
79. Kxf3 Nxh5 80. Bd4 Ke6 81. Kg4 1-0

[Event "Lichtenrader Herbst 2011"]
[Site "Berlin"]
[Date "2011.10.10"]
[Round "3.4"]
[White "Kropman, Alexei"]
[Black "Meijers, Viesturs"]
[Result "0-1"]
[WhiteElo "2072"]
[BlackElo "2471"]
[PlyCount "64"]
[EventDate "2011.??.??"]
[WhiteTeam "TuS Makkabi Berlin e.V."]
[BlackTeam "ESV Nickelhütte Aue"]

1. a3 e6 2. d4 c5 3. e3 Nf6 4. Nf3 b6 5. Be2 Bb7 6. O-O Be7 7. c4 O-O 8. Nc3 d5
9. b3 cxd4 10. exd4 Nc6 11. Bb2 Rc8 12. Rc1 dxc4 13. bxc4 Na5 14. Ne5 Nd7 15.
Qa4 Nxe5 16. dxe5 Bc5 17. Qc2 Bd4 18. Rfd1 Qg5 19. g3 Bxe5 20. Nb5 Bxb2 21.
Qxb2 Ra8 22. Nd6 Bc6 23. c5 Rab8 24. Qc3 h6 25. cxb6 axb6 26. h4 Qe7 27. Qb4
Rfd8 28. Nc4 Qxb4 29. axb4 Nxc4 30. Bxc4 Bf3 31. Rxd8+ Rxd8 32. Bb5 Rd4 0-1

[Event "Lichtenrader Herbst 2011"]
[Site "Berlin"]
[Date "2011.10.10"]
[Round "3.6"]
[White "Magnussen, Helge"]
[Black "Kalinitschew, Sergey"]
[Result "0-1"]
[WhiteElo "2126"]
[BlackElo "2420"]
[PlyCount "80"]
[EventDate "2011.??.??"]
[WhiteTeam "SC Wrist-Kellinghusen von 1979"]
[BlackTeam "SC Kreuzberg e.V."]

1. d4 e6 2. c4 Bb4+ 3. Nc3 f5 4. Nf3 Nf6 5. g3 O-O 6. Bg2 Bxc3+ 7. bxc3 d6 8.
O-O Qe7 9. Qb3 c5 10. Bg5 Nbd7 11. Nd2 h6 12. Bxf6 Qxf6 13. e3 Rb8 14. f4 b6
15. Qa4 a6 16. Rab1 Qd8 17. Rb2 e5 18. e4 exd4 19. cxd4 cxd4 20. Qc6 Nf6 21.
exf5 Bb7 22. Qa4 Bxg2 23. Kxg2 Ng4 24. Re1 Ne3+ 25. Kg1 Qc8 26. Qb3 Qc6 27. Re2
Rxf5 28. Qd3 d5 29. c5 Rff8 30. Qxd4 bxc5 31. Qe5 Rbe8 32. Qh5 d4 33. Nb3 d3
34. Rf2 c4 35. Na5 Qe6 36. f5 Nxf5 37. Rb1 c3 38. Rbf1 d2 39. Nc4 Qxc4 40. Rxf5
Qxf1+ 0-1

[Event "Lichtenrader Herbst 2011"]
[Site "Berlin"]
[Date "2011.10.10"]
[Round "3.7"]
[White "Wendt, Jan-Dietrich"]
[Black "Welz, Peter"]
[Result "0-1"]
[WhiteElo "2373"]
[BlackElo "2133"]
[PlyCount "72"]
[EventDate "2011.??.??"]
[WhiteTeam "Sfrd. Berlin 1903 e.V."]
[BlackTeam "SV Empor Berlin e.V."]

1. e4 e6 2. Qe2 c5 3. Nf3 Nc6 4. g3 g6 5. Bg2 Bg7 6. O-O Nge7 7. c3 O-O 8. d3
d5 9. Re1 b5 10. h4 b4 11. e5 a5 12. Bf4 a4 13. c4 Ra6 14. Nbd2 Nf5 15. Nf1
Ncd4 16. Nxd4 Nxd4 17. Qd2 b3 18. Ne3 dxc4 19. Red1 cxd3 20. Qxd3 Rb6 21. Ng4
Ba6 22. Qe3 bxa2 23. Bg5 Qb8 24. Nf6+ Bxf6 25. Bxf6 Nf5 26. Qxc5 Rxb2 27. Be4
Rc8 28. Qa5 Be2 29. Re1 Bg4 30. Qxa4 Qb6 31. Rf1 Nxg3 32. Rac1 Ne2+ 33. Kg2
Nxc1 34. Qa3 Qb3 35. Rxc1 Qxa3 36. Rxc8+ Qf8 0-1

[Event "Lichtenrader Herbst 2011"]
[Site "Berlin"]
[Date "2011.10.10"]
[Round "3.9"]
[White "Radovanovic, Jovica"]
[Black "Heuer, Thomas"]
[Result "1/2-1/2"]
[WhiteElo "2320"]
[BlackElo "2129"]
[PlyCount "109"]
[EventDate "2011.??.??"]
[WhiteTeam "BSC Rehberge 1945 e.V."]
[BlackTeam "TSG Neuruppin"]

1. g3 d5 2. Bg2 Nf6 3. Nf3 c6 4. c4 e6 5. O-O Be7 6. d4 O-O 7. Qc2 Nbd7 8. Nbd2
b6 9. b3 Bb7 10. Bb2 Rc8 11. e4 dxe4 12. Nxe4 c5 13. Nxf6+ Nxf6 14. d5 exd5 15.
Ng5 h6 16. Bxf6 hxg5 17. Bxe7 Qxe7 18. cxd5 Rcd8 19. Rfe1 Qf6 20. Rad1 Rd6 21.
Re3 Rfd8 22. Qe2 g6 23. Re5 Kg7 24. h3 b5 25. Qe3 c4 26. bxc4 bxc4 27. Kh2 c3
28. Rc1 Bxd5 29. Bxd5 Rxd5 30. Rxd5 Rxd5 31. Rxc3 Ra5 32. a3 a6 33. Kg2 Re5 34.
Qd4 Re6 35. Rd3 Qxd4 36. Rxd4 Kf6 37. Ra4 Ke7 38. Ra5 f6 39. Kf3 Kd7 40. Kg4
Re4+ 41. f4 gxf4 42. Kf3 Re5 43. Rxa6 fxg3 44. Rxf6 Ra5 45. Kxg3 Rxa3+ 46. Kg4
Ke7 47. Rxg6 Kf7 48. Rg5 Ra8 49. h4 Rg8 50. Kf5 Rxg5+ 51. hxg5 Kg7 52. g6 Kg8
53. Kf6 Kf8 54. g7+ Kg8 55. Kg6 1/2-1/2

[Event "Lichtenrader Herbst 2011"]
[Site "Berlin"]
[Date "2011.10.10"]
[Round "3.10"]
[White "Bahner, Julius"]
[Black "Kachibadze, Georg"]
[Result "1/2-1/2"]
[WhiteElo "1990"]
[BlackElo "2340"]
[PlyCount "76"]
[EventDate "2011.??.??"]
[WhiteTeam "SC Kreuzberg e.V."]
[BlackTeam "SK König Tegel 1949 e.V."]

1. Nf3 Nf6 2. g3 e6 3. Bg2 Be7 4. c4 O-O 5. O-O d5 6. b3 b6 7. Bb2 Bb7 8. d3 c5
9. e3 Nc6 10. Qe2 Qd7 11. Nbd2 Rfd8 12. Rad1 Qc7 13. Rfe1 Rd7 14. a3 Rad8 15.
cxd5 Nxd5 16. Nc4 Bf6 17. d4 b5 18. Nce5 Bxe5 19. dxe5 a6 20. Qc2 Nce7 21. Ng5
Ng6 22. h4 Nf8 23. Ne4 Nb6 24. Rd6 Bxe4 25. Qxe4 Rxd6 26. exd6 Qxd6 27. Be5 Qd7
28. Qb7 Qxb7 29. Bxb7 Rd3 30. Bxa6 Rxb3 31. Rd1 Nbd7 32. Bd6 c4 33. Bb4 c3 34.
Rc1 Nf6 35. Rxc3 Rb1+ 36. Kg2 Nd5 37. Rc5 Nxb4 38. axb4 Rxb4 1/2-1/2

[Event "Lichtenrader Herbst 2011"]
[Site "Berlin"]
[Date "2011.10.10"]
[Round "3.12"]
[White "Gruzmann, Boris"]
[Black "Müller, Jan-Hendrik"]
[Result "1-0"]
[WhiteElo "2258"]
[BlackElo "2100"]
[PlyCount "71"]
[EventDate "2011.??.??"]
[WhiteTeam "TuS Makkabi Berlin e.V."]
[BlackTeam "SK Marmstorf GW Harburg"]

1. e4 e6 2. d4 d5 3. e5 c5 4. c3 Qb6 5. Nf3 Nc6 6. a3 Nh6 7. b4 cxd4 8. cxd4
Nf5 9. Bb2 Bd7 10. Be2 Rc8 11. O-O h5 12. Qd3 a6 13. Rd1 Na5 14. Nc3 Nc4 15.
Bc1 Be7 16. Ra2 Qd8 17. h3 g5 18. Nh2 f6 19. Bxh5+ Rxh5 20. g4 fxe5 21. gxh5
exd4 22. Nxd5 exd5 23. Re1 Kf7 24. Ng4 Ncd6 25. Rae2 Ne4 26. Rxe4 dxe4 27. Qxe4
Bf8 28. Qd5+ Kg7 29. Bb2 Rc6 30. Bxd4+ Nxd4 31. Qxd4+ Kh7 32. Rd1 Bd6 33. Qe4+
Kh8 34. Rxd6 Rxd6 35. Qe5+ Kg8 36. Qxd6 1-0

[Event "Lichtenrader Herbst 2011"]
[Site "Berlin"]
[Date "2011.10.10"]
[Round "3.14"]
[White "Boetzer, Detlef"]
[Black "Zschäbitz, Klaus"]
[Result "1/2-1/2"]
[WhiteElo "2286"]
[BlackElo "2093"]
[PlyCount "75"]
[EventDate "2011.??.??"]
[WhiteTeam "SC Rotation Pankow e.V."]
[BlackTeam "BSG 1827 Eckbauer e.V."]

1. c4 e6 2. Nf3 Nf6 3. Nc3 d5 4. d4 dxc4 5. e3 a6 6. a4 c5 7. Bxc4 Nc6 8. O-O
Be7 9. Qe2 cxd4 10. Rd1 e5 11. exd4 exd4 12. Nxd4 Nxd4 13. Qe5 Qd6 14. Qxd6
Bxd6 15. Rxd4 Bc5 16. Rd1 O-O 17. Bg5 Be6 18. Bxe6 fxe6 19. Bxf6 gxf6 20. Rd7
f5 21. Rxb7 Rab8 22. Rc7 Bd4 23. Ra2 Rfc8 24. Rxc8+ Rxc8 25. g3 Rb8 26. Kf1 Kf7
27. Ke2 e5 28. f3 Rb6 29. Kd3 Bg1 30. h3 Rd6+ 31. Ke2 Rb6 32. g4 fxg4 33. hxg4
Bd4 34. Kd3 Rf6 35. Ke2 Rh6 36. Kd3 Rf6 37. Ke2 Rh6 38. Kd3 1/2-1/2

[Event "Lichtenrader Herbst 2011"]
[Site "Berlin"]
[Date "2011.10.10"]
[Round "3.15"]
[White "Reichenbach, Werner"]
[Black "Hahlbohm, Matthias"]
[Result "1-0"]
[WhiteElo "2310"]
[BlackElo "2074"]
[PlyCount "83"]
[EventDate "2011.??.??"]
[WhiteTeam "Schachclub Oberkrämer"]
[BlackTeam "TSG Oberschöneweide e.V."]

1. d4 Nf6 2. c4 c5 3. d5 g6 4. Nc3 Bg7 5. e4 d6 6. h3 O-O 7. Nf3 Nfd7 8. Be2
Ne5 9. Nd2 e6 10. O-O exd5 11. cxd5 a6 12. f4 Ned7 13. a4 Re8 14. Bd3 b6 15.
Nc4 Qc7 16. Qf3 Bb7 17. Bd2 Nf8 18. f5 f6 19. Bf4 Re5 20. Bxe5 dxe5 21. d6 Qd8
22. Nd5 Bxd5 23. exd5 g5 24. Nd2 Qxd6 25. Nc4 Qd8 26. d6 Ra7 27. Be4 Nbd7 28.
Bd5+ Kh8 29. Qh5 Nb8 30. Rfd1 Qd7 31. Qf3 Qd8 32. Ra3 Nbd7 33. Qh5 h6 34. Qf7
Nh7 35. Nxb6 Qf8 36. Nxd7 Qxf7 37. Bxf7 Rxd7 38. Be6 Rd8 39. Rb3 Bf8 40. Rb6 a5
41. Kf1 h5 42. g4 1-0

[Event "Lichtenrader Herbst 2011"]
[Site "Berlin"]
[Date "2011.10.10"]
[Round "3.16"]
[White "Möller, Hendrik"]
[Black "Kluger, Carsten"]
[Result "1-0"]
[WhiteElo "2222"]
[BlackElo "2068"]
[PlyCount "71"]
[EventDate "2011.??.??"]
[WhiteTeam "SC Weisse Dame e.V."]
[BlackTeam "Peiner SV"]

1. c4 d6 2. g3 c6 3. Nc3 Nf6 4. Bg2 e5 5. d3 Be7 6. e4 Na6 7. Nge2 Nc7 8. O-O
h5 9. d4 h4 10. dxe5 dxe5 11. Qxd8+ Kxd8 12. b3 Ne6 13. Bb2 Ng5 14. Rad1+ Ke8
15. Rd3 hxg3 16. hxg3 Bg4 17. Re1 Rd8 18. Rxd8+ Bxd8 19. Rd1 Nfxe4 20. Nxe4
Bxe2 21. Rxd8+ Kxd8 22. Nxg5 Ke8 23. Ne4 f6 24. Nd6+ Kd7 25. Nxb7 Kc7 26. Nc5
g5 27. Ne4 Rd8 28. Nxf6 Rd1+ 29. Kh2 Rd2 30. Bxe5+ Kb7 31. Ne4 Rxa2 32. Nxg5
Bd1 33. Ne4 Kc8 34. Nc3 Rd2 35. Nxd1 Rxd1 36. Bxc6 1-0

[Event "Lichtenrader Herbst 2011"]
[Site "Berlin"]
[Date "2011.10.10"]
[Round "3.17"]
[White "Schlüter, Bernd"]
[Black "Jahnz, Fabian"]
[Result "0-1"]
[WhiteElo "1985"]
[BlackElo "2226"]
[PlyCount "62"]
[EventDate "2011.??.??"]
[WhiteTeam "SV Rochade Potsdam-West e.V."]
[BlackTeam "SK König Tegel 1949 e.V."]

1. d4 d5 2. Nf3 Nf6 3. c4 dxc4 4. Nc3 e6 5. e4 Bb4 6. Bg5 h6 7. Bxf6 Qxf6 8.
Bxc4 c5 9. e5 Qd8 10. O-O cxd4 11. Nxd4 Bxc3 12. bxc3 a6 13. Qg4 O-O 14. Qe4
Qe7 15. Bd3 g6 16. f4 Nd7 17. Nb3 Rb8 18. c4 Nc5 19. Nxc5 Qxc5+ 20. Kh1 Bd7 21.
Qe2 Bc6 22. Qg4 Kg7 23. f5 exf5 24. Rxf5 Bd7 25. Raf1 Bxf5 26. Rxf5 Qe3 27.
Rxf7+ Rxf7 28. Qxg6+ Kf8 29. Qd6+ Kg8 30. Qg6+ Rg7 31. Qe6+ Kh8 0-1

[Event "Lichtenrader Herbst 2011"]
[Site "Berlin"]
[Date "2011.10.10"]
[Round "3.18"]
[White "Schnabel, Ralf"]
[Black "Silz, Elisa"]
[Result "1-0"]
[WhiteElo "2241"]
[BlackElo "1910"]
[PlyCount "41"]
[EventDate "2011.??.??"]
[WhiteTeam "ESV Nickelhütte Aue"]
[BlackTeam "SV Empor Berlin e.V."]

1. e4 c5 2. Nf3 d6 3. d4 cxd4 4. Nxd4 Nf6 5. Nc3 a6 6. Be2 e5 7. Nf3 Be7 8. Bg5
Nbd7 9. O-O h6 10. Be3 b5 11. a4 b4 12. Nd5 Nxe4 13. Nxe7 Qxe7 14. Qd5 Rb8 15.
Qxe4 Bb7 16. Qh4 Qf8 17. Rad1 g5 18. Qc4 g4 19. Nh4 Qe7 20. Nf5 d5 21. Qc7 1-0

[Event "Lichtenrader Herbst 2011"]
[Site "Berlin"]
[Date "2011.10.10"]
[Round "3.19"]
[White "Thompson, Ian D"]
[Black "Kirchhof, Arno"]
[Result "1/2-1/2"]
[WhiteElo "2276"]
[BlackElo "2054"]
[PlyCount "50"]
[EventDate "2011.??.??"]
[WhiteTeam "Guildford"]
[BlackTeam "SC Zugzwang 95 e.V."]

1. c4 e6 2. Nc3 d5 3. d4 Nf6 4. Bg5 Be7 5. e3 h6 6. Bh4 O-O 7. cxd5 Nxd5 8.
Bxe7 Qxe7 9. Nf3 Nxc3 10. bxc3 c5 11. Bd3 Nd7 12. e4 b6 13. O-O cxd4 14. cxd4
e5 15. Bc4 exd4 16. Bd5 Rb8 17. Nxd4 Bb7 18. Nf5 Qf6 19. Bxb7 Rxb7 20. Nd6 Rbb8
21. f4 Rfd8 22. Qd5 Nc5 23. e5 Qe6 24. Rfd1 Qxd5 25. Rxd5 Ne6 1/2-1/2

[Event "Lichtenrader Herbst 2011"]
[Site "Berlin"]
[Date "2011.10.11"]
[Round "4.1"]
[White "Priebe, Jan"]
[Black "Graf, Alexander"]
[Result "0-1"]
[WhiteElo "2265"]
[BlackElo "2628"]
[PlyCount "82"]
[EventDate "2011.??.??"]
[WhiteTeam "SC Tempo Göttingen"]
[BlackTeam "Schachklub König Plauen"]

1. e4 e6 2. d4 d5 3. Nd2 c5 4. Ngf3 cxd4 5. exd5 Qxd5 6. Bc4 Qd8 7. O-O Ne7 8.
Nb3 Ng6 9. Nbxd4 Be7 10. Nb5 Bd7 11. Nd6+ Kf8 12. Ne4 Nc6 13. Qe2 Qc7 14. Rd1
Be8 15. Be3 Nce5 16. Nxe5 Qxe5 17. Bd4 Qc7 18. b3 h5 19. a4 Bc6 20. Qe3 h4 21.
h3 Qf4 22. Qxf4 Nxf4 23. f3 Rh5 24. Kf1 a6 25. Nf2 Rc8 26. a5 Bb4 27. Bb6 Bc3
28. Ra2 Bd5 29. Ne4 Rxc4 30. bxc4 Bxc4+ 31. Kf2 Bxa2 32. Nxc3 Bd5 33. Ne4 f6
34. Rd4 e5 35. Rd2 Bxe4 36. fxe4 Rg5 37. Kf1 Rg3 38. Rd8+ Kf7 39. c4 Rxg2 40.
Rd7+ Kg6 41. Rxb7 Rc2 0-1

[Event "Lichtenrader Herbst 2011"]
[Site "Berlin"]
[Date "2011.10.11"]
[Round "4.4"]
[White "Welz, Peter"]
[Black "Lagunow, Alexander"]
[Result "0-1"]
[WhiteElo "2133"]
[BlackElo "2430"]
[PlyCount "53"]
[EventDate "2011.??.??"]
[WhiteTeam "SV Empor Berlin e.V."]
[BlackTeam "TuS Makkabi Berlin e.V."]

1. e4 c5 2. Nc3 g6 3. g3 Bg7 4. Bg2 Nc6 5. d3 d6 6. f4 e6 7. Nf3 Nge7 8. O-O
O-O 9. Bd2 Nd4 10. Nxd4 cxd4 11. Ne2 Qb6 12. Rb1 Bd7 13. Kh1 f5 14. c3 fxe4 15.
dxe4 Bb5 16. cxd4 Bd3 17. Rc1 Qxb2 18. Re1 Rac8 19. Ng1 Bxd4 20. Rxc8 Rxc8 21.
Bc1 Qc2 22. Qg4 Qxa2 23. Qh4 Rc7 24. f5 Qf2 25. Nf3 Rc2 26. Rg1 Bf1 27. Bxf1
0-1

[Event "Lichtenrader Herbst 2011"]
[Site "Berlin"]
[Date "2011.10.11"]
[Round "4.5"]
[White "Kalinitschew, Sergey"]
[Black "Möller, Hendrik"]
[Result "1-0"]
[WhiteElo "2420"]
[BlackElo "2222"]
[PlyCount "133"]
[EventDate "2011.??.??"]
[WhiteTeam "SC Kreuzberg e.V."]
[BlackTeam "SC Weisse Dame e.V."]

1. Nf3 c5 2. e4 a6 3. c4 e6 4. Nc3 d6 5. d4 cxd4 6. Nxd4 Qc7 7. Be3 Nf6 8. Be2
b6 9. f4 Bb7 10. Bf3 Nbd7 11. O-O Rc8 12. Rc1 Qb8 13. Qe2 Be7 14. g4 Qa8 15.
Bf2 O-O 16. g5 Ne8 17. h4 Nc7 18. a4 Rce8 19. Bg4 Bd8 20. Bh3 Nc5 21. Rfe1 f5
22. gxf6 Rxf6 23. Bg3 Rg6 24. Kh2 e5 25. fxe5 dxe5 26. Nf5 Nb3 27. Rcd1 Nd4 28.
Qf2 Bf6 29. Nd5 Nxd5 30. cxd5 Nxf5 31. Bxf5 Rh6 32. Kg2 Bc8 33. Rh1 Rh5 34.
Bxc8 Qxc8 35. Rc1 Qd7 36. Rc6 b5 37. axb5 axb5 38. Qf3 Rh6 39. Rhc1 Rf8 40. Rc7
Qd6 41. R1c6 Qb4 42. Rc8 Qxb2+ 43. Rc2 Qb4 44. Rxf8+ Qxf8 45. Qg4 Bxh4 46. Rc8
Bd8 47. Qd7 Rd6 48. Qxb5 h5 49. Qe2 Qe8 50. Qb2 Kh7 51. Qxe5 Qxe5 52. Bxe5 Rd7
53. Bb8 Kg6 54. Kf3 Kf7 55. Kf4 Ba5 56. Kg5 g6 57. Bf4 Bd8+ 58. Kh6 h4 59. Rc6
Bf6 60. Rc7 Rxc7 61. Bxc7 h3 62. e5 Bd8 63. e6+ Ke8 64. Bg3 Bh4 65. Bh2 Be1 66.
d6 Bb4 67. Kxg6 1-0

[Event "Lichtenrader Herbst 2011"]
[Site "Berlin"]
[Date "2011.10.11"]
[Round "4.7"]
[White "Böttcher, Patrick"]
[Black "Gruzmann, Boris"]
[Result "0-1"]
[WhiteElo "2170"]
[BlackElo "2258"]
[PlyCount "102"]
[EventDate "2011.??.??"]
[WhiteTeam "SC Zitadelle Spandau 1977 e.V."]
[BlackTeam "TuS Makkabi Berlin e.V."]

1. d4 Nf6 2. c4 d6 3. Nc3 Bf5 4. g3 c6 5. Bg2 h6 6. e4 Bh7 7. Nge2 Nbd7 8. h3
e5 9. O-O Be7 10. Be3 O-O 11. Qd2 Re8 12. d5 cxd5 13. cxd5 a6 14. Nc1 Qb8 15.
Nd3 Bd8 16. Rac1 Bb6 17. Bxb6 Nxb6 18. b3 Qa7 19. Kh2 Nbd7 20. Rfe1 Rac8 21. f3
Qd4 22. Ne2 Qb6 23. h4 Kf8 24. Bh3 Ke7 25. Nc3 Qd4 26. Ne2 Qb6 27. g4 Rxc1 28.
Rxc1 Rh8 29. Rc4 Rg8 30. g5 hxg5 31. hxg5 Nxd5 32. exd5 Bxd3 33. Qxd3 Qf2+ 34.
Kh1 Nc5 35. Rxc5 Qxc5 36. Qf5 Rd8 37. Qe4 Qf2 38. Ng1 Qxa2 39. g6 Qd2 40. gxf7
Qf4 41. Qxf4 exf4 42. Be6 a5 43. Ne2 b5 44. Nc3 a4 45. b4 a3 46. Kg2 Ra8 47.
Na2 Ra7 48. Kh3 g6 49. Kg4 Rc7 50. Kg5 Rc2 51. Kxg6 Kf8 0-1

[Event "Lichtenrader Herbst 2011"]
[Site "Berlin"]
[Date "2011.10.11"]
[Round "4.8"]
[White "Teske, Henrik"]
[Black "Jaeschke, Jens-Uwe"]
[Result "1-0"]
[WhiteElo "2547"]
[BlackElo "2155"]
[PlyCount "57"]
[EventDate "2011.??.??"]
[WhiteTeam "SC 1950 Remagen"]
[BlackTeam "Sfr.Nord-Ost Berlin"]

1. Nf3 Nf6 2. c4 e6 3. Nc3 d5 4. d4 c6 5. g3 dxc4 6. Bg2 Nbd7 7. O-O Be7 8. a4
O-O 9. a5 Nd5 10. e4 Nb4 11. Be3 b5 12. axb6 Nxb6 13. h4 Bb7 14. Qe2 Qc8 15.
Ra5 f5 16. Ne5 Bd8 17. Rfa1 Nd7 18. Rxa7 Rxa7 19. Rxa7 Nxe5 20. dxe5 f4 21.
gxf4 Nd3 22. Qg4 h5 23. Qg3 Bc7 24. Bh3 Re8 25. Qg6 Re7 26. Na4 c5 27. Nxc5
Nxc5 28. Bxc5 Re8 29. Rxb7 1-0

[Event "Lichtenrader Herbst 2011"]
[Site "Berlin"]
[Date "2011.10.11"]
[Round "4.9"]
[White "Freyberg, Dominic"]
[Black "Radovanovic, Jovica"]
[Result "1/2-1/2"]
[WhiteElo "2176"]
[BlackElo "2320"]
[PlyCount "131"]
[EventDate "2011.??.??"]
[WhiteTeam "SC Rotation Pankow e.V."]
[BlackTeam "BSC Rehberge 1945 e.V."]

1. e4 c5 2. Nc3 Nc6 3. Bc4 g6 4. f4 Bg7 5. Nf3 e6 6. f5 Nge7 7. fxe6 dxe6 8.
O-O O-O 9. d3 Na5 10. Bb3 b6 11. Qe1 Nec6 12. Kh1 Nd4 13. Qf2 h6 14. e5 Bb7 15.
Nxd4 Qxd4 16. Qxd4 cxd4 17. Nb5 Bxe5 18. Bxh6 Rfc8 19. Rae1 Rc5 20. Na3 Bxh2
21. Kxh2 Rh5+ 22. Kg1 Rxh6 23. Nb5 Rd8 24. Rf4 Nxb3 25. axb3 Rd5 26. Ref1 Rg5
27. R1f2 Rgh5 28. Kf1 Re5 29. Kg1 Re1+ 30. Rf1 Rxf1+ 31. Rxf1 e5 32. Nd6 Bd5
33. Nc8 Kg7 34. Nxa7 g5 35. Rf5 f6 36. Nb5 Rh8 37. Rf1 Rc8 38. Rf2 Rc6 39. b4
Kg6 40. c4 Be6 41. b3 Bf5 42. Rd2 g4 43. Kf2 Rc8 44. Nd6 Ra8 45. c5 b5 46. Ke2
Bd7 47. Kf2 f5 48. Nb7 f4 49. Na5 g3+ 50. Kf3 Kf5 51. c6 Rxa5 52. cxd7 Ra8 53.
Rc2 Rd8 54. Rc7 Ke6 55. Ke4 Rxd7 56. Rc5 Kd6 57. Rxe5 f3 58. Rd5+ Kc6 59. Rc5+
Kb6 60. Kxf3 Re7 61. Kxg3 Re3+ 62. Kf4 Rxd3 63. Rd5 Kc6 64. Rc5+ Kb6 65. Rd5
Kc6 66. Rc5+ 1/2-1/2

[Event "Lichtenrader Herbst 2011"]
[Site "Berlin"]
[Date "2011.10.11"]
[Round "4.10"]
[White "Kachibadze, Georg"]
[Black "Dimitrijeski, Kristian"]
[Result "1-0"]
[WhiteElo "2340"]
[BlackElo "2188"]
[PlyCount "87"]
[EventDate "2011.??.??"]
[WhiteTeam "SK König Tegel 1949 e.V."]
[BlackTeam "SK König Tegel 1949 e.V."]

1. e4 c6 2. d4 d5 3. Nc3 dxe4 4. Nxe4 Nd7 5. Nf3 Ngf6 6. Ng3 e6 7. Bd3 Bd6 8.
O-O O-O 9. Qe2 Qc7 10. Re1 Bf4 11. Ne5 Bxc1 12. Raxc1 c5 13. c3 b6 14. Nh5 Nxh5
15. Qxh5 Nf6 16. Qh4 h6 17. Re3 cxd4 18. Rg3 Qxe5 19. f4 Qe3+ 20. Rxe3 dxe3 21.
Qg3 Bb7 22. Qxe3 Rad8 23. Bc2 Rd7 24. Rd1 Nd5 25. Qe5 Rfd8 26. c4 Ne7 27. Rxd7
Rxd7 28. Qb8+ Nc8 29. Ba4 Re7 30. Bc6 Bxc6 31. Qxc8+ Be8 32. b4 e5 33. fxe5
Rxe5 34. c5 bxc5 35. bxc5 Kh7 36. c6 Bxc6 37. Qxc6 a5 38. Kf2 f6 39. Kf3 Kg6
40. Kf4 Kh5 41. Qc2 g5+ 42. Kf3 f5 43. Qc7 Rb5 44. Qf7+ 1-0

[Event "Lichtenrader Herbst 2011"]
[Site "Berlin"]
[Date "2011.10.11"]
[Round "4.12"]
[White "Böhnisch, Manfred"]
[Black "Major, Vitalij"]
[Result "1/2-1/2"]
[WhiteElo "2289"]
[BlackElo "2136"]
[PlyCount "215"]
[EventDate "2011.??.??"]
[WhiteTeam "Schachgemeinschaft Leipzig"]
[BlackTeam "SC Zitadelle Spandau 1977 e.V."]

1. e4 c5 2. Nf3 d6 3. c3 Nf6 4. Bd3 Nc6 5. Bc2 e5 6. O-O Be7 7. Re1 O-O 8. d3
h6 9. Nbd2 Re8 10. Nf1 Bf8 11. Ng3 d5 12. Qe2 Rb8 13. a4 d4 14. Nh4 g6 15. Rf1
Nh7 16. Nf3 b5 17. axb5 Rxb5 18. Ba4 Ra5 19. Bd2 Bd7 20. Qd1 Ra6 21. Bxc6 Rxc6
22. Rxa7 Bg4 23. h3 Bc8 24. Qb3 Be6 25. c4 Rb6 26. Qa3 Qb8 27. Bc1 Rb3 28. Qa4
Rxd3 29. Nxe5 Rb3 30. Nd7 Bxd7 31. Rxd7 Nf6 32. Ra7 Rb4 33. Qa6 Re6 34. Qa2 Re8
35. Re1 Kg7 36. f4 Re7 37. Ra8 Qc7 38. e5 Nh7 39. Bd2 Rb8 40. Ne4 Ree8 41. Ra7
Rb7 42. Ra1 Qc6 43. Rxb7 Qxb7 44. Qb1 f6 45. Nxf6 Nxf6 46. exf6+ Kxf6 47. Qd3
Re4 48. b3 Bd6 49. Qf3 Re7 50. Qxb7 Rxb7 51. Ra6 Ke7 52. Ra3 Ke6 53. Kf2 Rf7
54. Kf3 g5 55. g3 gxf4 56. Bxf4 Bxf4 57. gxf4 Rb7 58. Ke4 Rb6 59. h4 h5 60. Ra5
Rxb3 61. Rxc5 d3 62. Rd5 Rc3 63. Kd4 Ra3 64. Ke3 Rc3 65. Rc5 Kd6 66. Rc8 Kd7
67. Kd2 Rc2+ 68. Kxd3 Rh2 69. Rc5 Rxh4 70. Ke4 Rh1 71. Ke5 h4 72. Kf6 Rf1 73.
f5 h3 74. Rd5+ Ke8 75. Re5+ Kd7 76. Re2 Rf4 77. Rh2 Rf3 78. Kg5 Ke7 79. Kg4 Rc3
80. Rxh3 Rxc4+ 81. Kg5 Rc1 82. Rh7+ Kf8 83. Kg6 Rg1+ 84. Kf6 Kg8 85. Re7 Rf1
86. Re8+ Kh7 87. Re7+ Kg8 88. Rg7+ Kf8 89. Ra7 Kg8 90. Ra8+ Kh7 91. Ke6 Kg7 92.
Ra7+ Kf8 93. Ra5 Kg7 94. Ra7+ Kf8 95. Kf6 Kg8 96. Ra8+ Kh7 97. Ra3 Kg8 98. Rg3+
Kf8 99. Kg6 Ke7 100. Rg5 Rf2 101. Rg1 Rf3 102. Re1+ Kf8 103. Rb1 Rf2 104. Rb5
Ke7 105. Rb7+ Kf8 106. Kf6 Ke8 107. Rb5 Rf1 108. Ke6 1/2-1/2